Matemática 1º Medio: texto para el estudiante

Salvato in:
Dettagli Bibliografici
Autori principali: Cid Figueroa, Eduardo (Autore), Muñoz Varisco, Marcia (Autore)
Natura: Libro
Lingua:spagnolo
Pubblicazione: Santiago Arrayán 2003
Serie:Sector: Matemática
Soggetti:
Tags: Aggiungi Tag
Nessun Tag, puoi essere il primo ad aggiungerne!!

MARC

LEADER 00000nam a2200000 a 4500
001 UCH6267
003 CL-VaPUC
008 091109e20030000CL |||||||||||||||||spa|d
020 |a 9562403394 
082 0 4 |a 510.712  |b CID  |2 21 
100 0 |a Cid Figueroa, Eduardo  |e author  |9 542674 
700 0 |a Muñoz Varisco, Marcia  |e author  |9 542675 
245 1 0 |a Matemática 1º Medio: texto para el estudiante 
300 |a 255 p 
942 |c BK 
945 |d 20091109 00:00:00  |a lazolas 
260 |a Santiago  |b Arrayán  |c 2003 
650 0 |a Matemáticas  |x Enseñanza  |9 875527 
650 0 |a Libros de texto  |9 270019 
583 |a last modification  |c 20170821 01:28:07  |k Rodrigo Vera 
490 0 |a Sector: Matemática 
999 |c 337191  |d 337189